Biggest City per State (USA) - Statistics

General Stats
  • This quiz has been taken 240 times
    217 since last reset
  • The average score is 33 of 50
Answer Stats
State City % Correct
New York New York
95%
Colorado Denver
94%
California Los Angeles
94%
Illinois Chicago
91%
Texas Houston
91%
Massachusetts Boston
88%
Georgia Atlanta
87%
Hawaii Honolulu
87%
Arizona Phoenix
86%
Nevada Las Vegas
84%
Michigan Detroit
83%
Missouri Kansas City
83%
Mississippi Jackson
82%
Louisiana New Orleans
82%
Maine Portland
82%
Oregon Portland
82%
Indiana Indianapolis
80%
Oklahoma Oklahoma City
80%
Washington Seattle
80%
Pennsylvania Philadelphia
79%
Alaska Anchorage
77%
Minnesota Minneapolis
77%
Utah Salt Lake City
77%
Florida Jacksonville
73%
North Carolina Charlotte
72%
Idaho Boise
71%
Tennessee Memphis
69%
Maryland Baltimore
68%
Arkansas Little Rock
68%
Ohia Columbus
65%
Iowa Des Moines
64%
Alabama Birmingham
61%
Kentucky Louisville
61%
New Mexico Albuquerque
60%
Rhode Island Providence
60%
New Jersey Newark
57%
Nebraska Omaha
57%
Wisconsin Milwaukee
55%
West Virginia Charleston
54%
Virginia Virginia Beach
47%
Kasnas Wichita
45%
Wyoming Cheyenne
43%
North Dakota Fargo
39%
South Carolina Columbia
37%
South Dakota Sioux Falls
35%
Montana Billings
31%
New Hampshire Manchester
31%
Delaware Wilmington
29%
Connecticut Bridgeport
28%
Vermont Burlington
28%
No matching quizzes found
Score Distribution
Percent of People with Each Score
Percentile by Number Answered
Your Score History
You have not taken this quiz since the last reset